[Event "Sofia MTel Masters 4th"]
[Site "Sofia"]
[Date "2008.05.10"]
[Round "3"]
[White "Ivanchuk, Vassily"]
[Black "Bu, Xiangzhi"]
[Result "1-0"]
[WhiteElo "2740"]
[BlackElo "2708"]
[Annotator "Marin,M"]
[PlyCount "63"]
[EventDate "2008.05.08"]
[EventType "tourn"]
[EventRounds "10"]
[EventCountry "BUL"]
[EventCategory "20"]
[SourceTitle "CBM 124"]
[Source "ChessBase"]
[SourceDate "2008.05.28"]
[SourceVersion "1"]
[SourceVersionDate "2008.05.28"]
[SourceQuality "1"]

1. Nf3 Nf6 2. c4 c6 3. Nc3 d5 4. e3 {By refraining from the immediate
occupation of the centre (d4 instead of, for instance, Nf3), White intends to
win a tempo for piece development, giving to the position a hypermodern
character. Of course, he can switch at any moment to well-known paths by
playing d4 later.} a6 {Black has a wide range of moves here, but none of them
is entirely free of drawbacks. After examining the practical material
available, I would recommend Black to refrain from the text move. However,
this might mean widening the opening repertoire (that is, adding some other
form of Slav than the Moldavian a6-line).} (4... Bg4 {allows White maintain an
advantage in space with} 5. Qb3 Qb6 6. Ne5 Be6 7. d4 $14 {Therefore, Black
should probably choose from one of the following three lines.}) ({In case of} 
4... Nbd7 {[%cal Ge7e5] , apart from transposing to a normal Semi-Slav, White
can try to exploit his microscopical advantage in the symmetrical position
arising after} 5. cxd5 cxd5 6. d4) ({Or if} 4... e6 5. b3 Nbd7 {, then} 6. Qc2
(6. cxd5 $6 {is not advisable now because of} exd5 $1) 6... Bd6 7. Bb2 {
. There are lots of games starting from this position, but I would just
mention one which was annotated by an expert of this whole white setup,
Gurevich,M (2643)-Savchenko,S (2583)/Vlissingen 1999/EXT 2000/[Gurevich,M] 
(1-0, 38).}) ({Finally, there is} 4... g6 {, inviting White to the Schlechter
variation.}) 5. Qc2 b5 6. b3 Bg4 $6 {This certainly looks premature.} (6... e6
7. d4 {allows White transpose to a favourable form of the Semi-Slav in which
Black's early queenside action has left him with weaknesses and no real
counterplay.}) (6... g6 $5 {[%cal Gc8f5]} 7. Bb2 $5 (7. d4 Bf5 8. Bd3 Bxd3 9.
Qxd3 {Although White has basically lost a tempo, things are not easy for Black
yet.} Nbd7 10. O-O Bg7 11. cxd5 (11. Bd2 O-O 12. cxd5 cxd5 13. Ne2 Ne4 14. Rfc1
e5 $132 {Sargissian,G (2572)-Motylev,A (2634)/Istanbul 2003/CBM 096 (1/2-1/2,
36)}) 11... cxd5 12. a4 b4 13. Ne2 a5 ({This looks like a loss of tempo,
allowing White take over the control of the c-file. However,} 13... Qa5 {
does not equalize either.} 14. Bb2 O-O 15. Rfc1 Rfc8 16. Rc2 $1 $14 {[%cal
Ga1c1]}) 14. Bb2 O-O 15. Rfc1 Qb6 16. Rc2 Rfc8 17. Rac1 Rxc2 18. Qxc2 e6 19.
Ne5 Qa6 20. Nf4 Bh6 21. Nfd3 Nxe5 22. dxe5 Nd7 23. Bd4 $16 {Petronic,J (2450)
-Matulovic,M (2420)/Vrnjacka Banja 1998/EXT 2002 (1/2-1/2, 51)}) 7... Bf5 8.
Bd3 Bxd3 9. Qxd3 Bg7 10. cxd5 Nxd5 (10... cxd5 $2 11. Nxd5 $1 $16) (10... b4
11. Na4 cxd5 12. O-O O-O 13. Rac1 $16) (10... O-O 11. e4 b4 12. Na4 cxd5 13. e5
Ne4 14. Rc1 $14) 11. O-O-O $5 (11. Nd1 Bxb2 12. Nxb2 O-O 13. O-O Nd7 {Makarov,
M (2513)-Asanov,T (2427)/St Petersburg 2002/EXT 2003 (1/2-1/2, 21). After the
simplifications, White's possibility of occupying the centre is less relevant.}
) 11... O-O (11... Nxc3 12. Qxd8+ Kxd8 13. Bxc3 Bxc3 14. dxc3+ $36 {[%cal
Gf3g5,Gh2h4]}) 12. Nxd5 Bxb2+ 13. Kxb2 cxd5 14. Rc1 Qd6 {[%cal Gb8c6]} 15. Qc3
{[%cal Gh2h4]} Nd7 16. Qc7 $36) 7. Ne5 $36 {With his c6-pawn vulnerable and
his bishop exposed, Black faces serious problems already.} Bh5 $2 {This
blunder has been played before.} (7... Be6 8. Bb2 $14 Qc7 9. cxd5 (9. Ne2 $1
$14 {[%csl Rc7,Rf8][%cal Ge2f4,Gc4d5]}) 9... cxd5 10. Rc1 Nbd7 (10... Qxe5 11.
Nxb5 $18 {[%cal Gb5c7]}) 11. Bxb5 $6 {Here, this sacrifice is unsound.} (11.
Nxd7 $5 Qxd7 12. a4 $14 b4 $2 13. Nb5 $1 $18) 11... axb5 12. Nxb5 Qxc2 13. Rxc2
Nxe5 14. Nc7+ Kd8 15. Nxa8 Nd3+ (15... Bf5 $1 $17) 16. Ke2 Nxb2 17. Rxb2 Bc8
18. b4 $13 {Komarov,D (2540)-Prie,E (2516)/Chalons en Champagne 2007/CBM 116
ext (0-1, 48)}) 8. cxb5 cxb5 $6 $146 {Not suspecting anything.} ({In the
previous game where this position was seen, Black understood in time what was
cooking for him and played the "relatively better"} 8... Qc7 9. Nxc6 Nxc6 10.
bxc6 Qxc6 $16 {Agamaliev,G (2516)-Khaghani,M (2289)/Tehran 2005/CBM 104 ext 
(1-0, 30). , which allowed him play some more decent moves before resigning.})
9. Bxb5+ axb5 10. Nxb5 {The game is over. Black's insistence on playing on for
20 more moves may be regarded as some lack of respect for the opponent, but it
is not easy to resign before the game even started (although it is allowed by
the Sofia rule!)} e6 (10... Na6 11. Qc6+ Nd7 12. Nxd7 $18) 11. Nc7+ Ke7 12.
Nxa8 Nfd7 13. Ba3+ Kf6 14. Bb2 Nxe5 15. f4 Nbd7 16. Nc7 Bg6 17. Bxe5+ Nxe5 18.
fxe5+ Kxe5 19. Qc3+ Kf5 20. O-O+ Kg5 21. a4 Kh6 22. Rf3 Bf5 23. Raf1 Bd6 24.
Nb5 Bb8 25. Nd4 Be4 26. Rh3+ Kg6 27. d3 Bf5 28. Rhf3 Be5 29. Qe1 Bxd4 30. Rg3+
Kh6 31. exd4 g6 32. Rgf3 1-0

[Event "Bundesliga 0506"]
[Site "Germany"]
[Date "2005.10.22"]
[Round "7.5"]
[White "Wintzer, Joachim"]
[Black "Dautov, Rustem"]
[Result "1/2-1/2"]
[WhiteElo "2324"]
[BlackElo "2581"]
[Annotator "Marin,M"]
[PlyCount "90"]
[EventDate "2005.10.21"]
[EventType "team-tourn"]
[EventRounds "15"]
[EventCountry "GER"]
[SourceTitle "CBM 110"]
[Source "ChessBase"]
[SourceDate "2006.01.31"]
[SourceVersion "1"]
[SourceVersionDate "2006.01.31"]
[SourceQuality "1"]
[WhiteTeam "Kirchheim"]
[BlackTeam "Baden-Baden"]
[WhiteTeamCountry "GER"]
[BlackTeamCountry "GER"]

1. c4 c6 2. g3 d5 3. Bg2 Nf6 4. Nf3 dxc4 5. Qc2 b5 6. b3 {Compared with a
normal Catalan, where the white d-pawn is on d4 already, White cannot do
without the phisycal elimination of the c4-pawn, even though this means giving
up any hope of recuperating the sacrificed pawn in the near future.} ({However,
White can first play the introductory moves} 6. a4 Bb7 {and only now} 7. b3
cxb3 8. Qxb3 {. The main achievement of such a move order is that after the
virtually forced} a6 {White is just in time to play} 9. Ba3 {hindering Black's
normal development. This largely compensates for the fact that, compared with
the Catalan, the white queen has reached b3 with loss of time.} Nbd7 (9... Qd5
10. Qb2 g6 11. Nc3 Qd8 12. Ne5 Qb6 13. Qb3 e6 14. Bxf8 Kxf8 15. axb5 axb5 16.
Rxa8 Bxa8 17. O-O Nbd7 18. Nxd7+ Nxd7 19. Ne4 Kg7 20. Qc3+ f6 21. d4 $36 {
[%csl Ra8,Yc5,Yd6,Yf6,Rg7] 1-0 Nikolic,V-Spassov,L/Vrnjacka Banja 1976/EXT 99 
(28)}) 10. O-O e6 11. Bxf8 Kxf8 12. Rc1 Qb6 $5 {[%csl Rb5][%cal Yc6c5]} (12...
Rc8 13. d3 g6 14. Nbd2 Kg7 15. Qb2 Qb6 16. Ne5 Nxe5 17. Qxe5 Qc7 18. Qb2 e5 19.
axb5 axb5 20. Ra7 $36 {1-0 Vadasz,L (2465)-Ribli,Z (2575)/Budapest 1976/MCD 
(48)}) 13. Na3 (13. d3 c5) (13. d4 $5 c5 $6 14. axb5 axb5 $2 15. dxc5 $16)
13... g6 14. Qb2 (14. d4 $5) 14... Kg7 15. Nc4 bxc4 16. Qxb6 Nxb6 17. Rab1 Nfd7
18. a5 c5 19. axb6 Rab8 20. Rxc4 Rhc8 21. Ra4 Bxf3 22. Bxf3 Rxb6 23. Rxb6 Nxb6
24. Rxa6 Nc4 25. Ra2 Rd8 26. d3 Ne5 27. Kg2 c4 {1/2-1/2 Salov,V (2660)-Anand,V
(2710)/Linares 1993/CBM 034}) 6... cxb3 7. axb3 {White has opened the a-file
for his rook, but on the other hand, the b4-square is weak now. In certain
cases, Black can consolidate by installing here one of his knights.} e6 (7...
Bb7 {is considered to be inferior because of} 8. Ba3 ({White can invite his
opponent to transpose to our main game with} 8. O-O {since} g6 {makes less
sense now. White can occupy the centre with his pawns and choose later where
to develop his bishop.}) 8... g6 ({Until recently, theory referred to the
following game:} 8... a6 $6 {-unnecessarily losing a tempo-} 9. O-O g6 10. d4
Bg7 11. Nbd2 O-O 12. e4 a5 13. e5 Nd5 14. Ne4 b4 15. Bb2 Ba6 16. Rfe1 Bb5 17.
e6 f6 18. Nc5 $16 {1/2-1/2 Dzindzichashvili,R (2500)-Bagirov,V (2515)/Baku
1972/URS-ch (48)}) 9. O-O Bg7 10. d4 O-O 11. Nbd2 a5 12. e4 Na6 13. e5 Nd5 14.
Ne4 Ndb4 15. Qc3 c5 $5 {A typical method: Black returns the extra-pawn in
order to free his position and get active play.} 16. Nxc5 Nxc5 17. dxc5 Nc6
$132 {1/2-1/2 Mastrovasilis,A (2452)-Papaioannou,I (2587)/Athens 2002/CBM 091
ext (61)}) 8. d4 (8. O-O Bb7 9. Ba3 b4 $6 {[%csl Yc4]} ({Since White is
underdeveloped yet, he could not make full use of the weakness of the c5- and
d6- squares in case of} 9... Bxa3 $1) 10. Bb2 c5 11. d4 Nbd7 12. Rd1 cxd4 13.
Bxd4 a5 14. Bxf6 gxf6 15. Ne5 $1 Rc8 (15... fxe5 16. Bxb7 Ra7 17. Rxd7 $1 Kxd7
18. Qc6+ Ke7 19. Qc5+ Kf6 20. Qxa7 $18) (15... Bxg2 16. Nxd7 Bb7 17. Nxf8 Qc8
$8 $13) 16. Qb2 fxe5 17. Bxb7 Rc5 18. Bf3 Bh6 19. Nd2 f5 20. Nc4 $44 Qc7 21.
Rd6 Nf8 $2 (21... Rxc4 22. Rxe6+ Kf7 23. Bd5 Rc1+ 24. Rxc1 Qxc1+ 25. Qxc1 Bxc1
26. Rc6+ Ke7 27. Rxc1 Nb6 $11) 22. Rad1 $40 {1-0 Van der Elburg,F (2223)
-Smeets,J (2545)/Amsterdam 2004/CBM 101 ext (38)}) 8... Bb7 9. O-O Nbd7 ({
The alternate plan is based on developing the queen'sknight to a6, in order to
tale the b4-square under control.} 9... Be7 10. Nc3 O-O 11. e4 Na6 12. e5 Nd5
13. Ne4 h6 14. g4 {White's chances for an attack are questionable, while the
weaknesses (f4 in first line) left behind by this pawn are permanent.} (14. Ba3
$1 $44) 14... c5 15. g5 cxd4 (15... h5 16. g6 fxg6) 16. gxh6 g6 17. Nxd4 $14 {
1-0 Nguyen Ngoc Truong,S (2417)-Taylor,T (2385)/Budapest 2003/CBM 96 ext (30)})
10. Nc3 {The most active move. White has to occupy the centre as soon as
possible.} ({Once again,} 10. Ba3 {is premature:} Bxa3 11. Rxa3 Qe7 12. Rc1 O-O
13. Ra2 Rfc8 14. Nbd2 c5 $17 {1/2-1/2 Kostic,V (2330)-Mihalj,M (2313)/Pancevo
2005/CBM 108 ext (68)}) ({looks a bit slow, allowing Black get counterplay
after} 10. Rd1 Qb6 11. Nc3 c5 12. Be3 Rc8 $36 {0-1 Bogosavljevic,B (2302)
-Erdos,V (2499)/Herceg Novi 2005/CBM 108 ext (31)}) 10... a6 $146 {A solid
move, creating the potential threat of ...c5.} (10... Qb6 {has similar
purposes, but could have the drawback of defining the queen's position too
soon and leaving the g5-square without sufficient defence.} 11. e4 Be7 12. Bb2
$6 (12. Be3 $5 {[%cal Ye3b6]}) (12. e5 Nd5 13. Ne4 h6 14. Ba3 $44) 12... O-O
13. Rad1 Rfd8 14. Rfe1 Rac8 15. Qb1 Nf8 16. h4 Bb4 17. Re2 c5 $36 {0-1 Marosi,
G (2375)-Christen,P (2200)/Luxembourg 1982/EXT 2001 (52)}) 11. e4 Be7 (11... c5
12. d5 $44) 12. e5 Nd5 13. Ne4 h6 (13... O-O 14. Neg5 g6 15. Qe4 $36) 14. Ba3
$1 {Now that the c5-and d6- squares are under firm control, the exchange of
the dark squared bishops would obviously favour White. Therefore, Black's
answer is more or less forced.} b4 {[%csl Yc4]} (14... Nb4 15. Bxb4 $5 Bxb4 16.
Ne1 O-O 17. Nd3 Be7 18. Ndc5 $5 (18. f4) (18. b4) 18... Bxc5 19. dxc5 Nxe5 20.
Nd6 $44 {[%csl Rb7,Rg8][%cal Yf2f5,Yc2c3]}) 15. Bb2 O-O 16. Nc5 $5 (16. Nfd2
$44 {[%cal Yd2c4,Yc4d6,Yc4a5]}) 16... Nxc5 17. dxc5 a5 18. Nd2 Ba6 19. Rfe1 Bb5
20. Ne4 Ra6 21. Nd6 $44 {White has achieved a stable form of compensation, in
view of his strong knight. However, his chances for a direct king's attack are
restricted by the fact that the regroupment Qe4, Bf1-d3 is impossible yet. The
position is more or less balanced, but quite sharp, of course.} Qd7 22. Rec1
Rfa8 23. Nxb5 cxb5 24. c6 Qc7 25. Bxd5 exd5 26. e6 Bd6 27. Qf5 Re8 28. Qxd5
Rxe6 29. Qxb5 Rb6 30. Qd5 Bf8 31. Rxa5 Rbxc6 32. Rxc6 Qxc6 33. Qxc6 Rxc6 34.
Re5 Rc2 35. Bd4 Rd2 36. Bb6 Rd6 37. Ba7 f6 38. Re3 Rd1+ 39. Kg2 Kf7 40. Kf3 Rd2
41. Re2 Rd1 42. Re3 h5 43. h3 g5 44. g4 h4 45. Ke4 Rd2 1/2-1/2

[Event "Norway Chess 4th"]
[Site "Stavanger"]
[Date "2016.04.28"]
[Round "8"]
[White "Aronian, Levon"]
[Black "Carlsen, Magnus"]
[Result "1-0"]
[WhiteElo "2784"]
[BlackElo "2851"]
[Annotator "Marin,M"]
[PlyCount "61"]
[EventDate "2016.04.19"]
[EventType "tourn"]
[EventRounds "9"]
[EventCountry "NOR"]
[EventCategory "21"]
[SourceTitle "CBM 172"]
[Source "ChessBase"]
[SourceDate "2016.05.12"]
[SourceVersion "1"]
[SourceVersionDate "2016.05.12"]
[SourceQuality "1"]

1. c4 {When replaying the first 7 moves of the game I was pleased to notice
that Aronian followed the lines given in the second volume of my English
trilogy.} ({But then everything changed when Carlsen switched to a line I
examined in CBM 170:} 1. Nf3 Nf6 2. g3 g6 3. b3 Bg7 4. Bb2 d5 5. c4 dxc4 6.
bxc4 c5 7. Bg2 O-O 8. O-O Nc6 {The only difference is that... Carlsen played
this position with a tempo down! In the genuine ...dxc4 line Black's extra
tempo makes itself felt if play continues in the same spirit as in one of the
lines below:} 9. Ne5 Na5 10. Qc1 Ng4 11. Nxg4 Bxg4 12. Bxg7 Kxg7 13. d3 Rc8 14.
Nc3 Qd7 15. Nb5 b6 {With the queen on d7 instead of d8, the last move defends
the queenside properly solving most of Black's problems. In fact, in my
article I had recommended 9.d3 instead of 9.Ne5.}) 1... Nf6 2. g3 c6 3. Bg2 d5
4. Nf3 g6 5. b3 Bg7 6. Bb2 O-O 7. O-O dxc4 $6 8. bxc4 c5 {Carlsen's win over a
difficult opponent (Kramnik) in the previous round might have been the reason
behind such a weird opening choice. But as we will see, there have been some
strong players who have experimented in this way before.} 9. d3 Nc6 10. Ne5 {
With an extra tempo White has no reason to refrain from this active knight
move.} Na5 $146 {This is the thematic answer, aimed at leaving the e5-knight
vulnerable.} (10... Nxe5 11. Bxe5 {frees the white knight's way to c3 forcing
Black to lose some time to exchange the dominating bishop.} Ne8 12. Bxg7 Kxg7 (
12... Nxg7 13. Nc3 Nf5 14. Rb1 Rb8 15. Qa4 a6 16. Qa3 b6 17. Rb2 Nd4 18. Rfb1
$16 {Stein,L (2605)-Shamkovich,L (2520) Leningrad 1971 (1-0, 37)}) 13. Nc3 Rb8
14. a4 Bd7 15. a5 Nd6 16. Qc1 Nf5 17. Qb2 Kg8 18. Rfb1 $36 {Radjabov,T (2734)
-Gelfand,B (2743) Beijing (blitz) 2014 (½-½, 45). In both these games
White's queenside play develops naturally, without any shadow of counterplay
for Black.}) (10... Nd4 {avoids the exchange but wastes time.} 11. e3 Nf5 12.
Qc2 (12. Nc3 Nd7 13. Nf3 b6 14. Nh4 Rb8 15. Nxf5 gxf5 {Giri,A (2722)-De Jong,J
(2424) Netherlands 2011 (1-0, 35)} 16. Qe2 $14) 12... Rb8 13. Nd2 Nd7 14. Nef3
e5 15. a4 a5 16. Ne4 b6 17. Nc3 $16 {[%csl Gd5] Giri,A (2737)-Negi,P (2662)
Linares 2013 (1/2-1/2, 64)}) 11. Qc1 {A cunning and typically English way of
developing the queen. Apart from defending the bishop thus avoiding any pin
along the long diagonal, Her Majesty is prepared to move to a3, causing Black
serious queenside problems.} Qc7 {This plan, aiming to take advantage of the
white knight's vulnerability, is too time consuming.} ({But with a tempo down,
the plan recommended in my article does not work out so well:} 11... Ng4 12.
Nxg4 Bxg4 13. Bxg7 Kxg7 14. Nc3 {White will try forcing the weakening of
Black's queenside with Nb5, even though this looks like a loss of time after ..
.a6, Nb5-c3.} Rb8 (14... Rc8 15. Nb5 Nc6 16. h3 Be6 17. Qa3 a6 18. Nc3 $14) 15.
Nb5 a6 (15... Nc6 16. Rb1 Qd7 17. Qa3 $14 b6 18. Bxc6 Qxc6 19. Nxa7 Qb7 20. f3
Bh3 21. Rfd1 Ra8 22. Qb2+ f6 23. Nb5 $16) 16. Nc3 $14 {In all these lines
Black faces difficulties keeping the integrity of his queenside.}) 12. Nd2 {
A natural developing move} ({But speeding up the queenside attack with} 12. Bc3
Ne8 13. Qb2 {may be even more effective:} Rb8 14. Na3 a6 (14... Nd6 15. Nb5
Nxb5 16. cxb5 $16 {[%csl Ra5]}) 15. Rab1 b6 16. f4 $16 {In order to avoid
losing material due to the threat Bxa5, Black has nothing better than taking
on e5 with an obvious advantage for White.}) 12... Ne8 13. f4 Nd6 $6 {After
this logical move Black will not manage to keep his queenside together.} ({
The insertion of the fairly unaesthetic} 13... f6 {offers better chances for
surviving:} 14. Nef3 Nd6 15. Nb3 {[%csl Ra5,Rc5][%cal Gb2c3]} ({After the
white knight's retreat} 15. Bc3 {is not dangerous due to} Nc6 $11) 15... Nxb3 {
Black will have to take on b3 after Bc3 anyway and it is questionable whether
he can find a useful move in between.} 16. axb3 a5 17. d4 $14) 14. Bc3 Rb8 ({
It is too late for} 14... f6 {already:} 15. Qa3 fxe5 16. Bxa5 $16) 15. Qa3 {
A remarkable moment for a game which started with such a peaceful opening at
this level: after only 15 moves Black cannot avoid losing material.} b6 {.} 16.
Bxa5 bxa5 17. Nb3 Nb7 {The best practical chance. In order to win the pawn
White needs to part with his g2-bishop, offering Black some chances to muddy
the waters.} (17... Nf5 {has similar ideas but after} 18. Qxc5 Qxc5+ 19. Nxc5
Rb2 20. Kf2 Bxe5 21. fxe5 Nd4 22. Bf3 Nxf3 23. Kxf3 {the absence of queens
makes White's position easier to handle than in the game.}) 18. Bxb7 Qxb7 {
Black needs to keep the queens on the board.} (18... Bxb7 19. Qxc5 {[%csl Gc7]}
) 19. Nxc5 Qc7 20. d4 Rd8 {This and the next few moves are aimed at shattering
White's stability in the centre. and clearing the path for the c8-bishop.} 21.
Rfd1 f6 22. Nf3 e5 23. fxe5 fxe5 24. Nxe5 Bxe5 ({The thematic} 24... Rxd4 {
is insufficient:} 25. Rxd4 Bxe5 26. Qe3 $1 {The only move which retauns the
advantage by centralising the queen, but not a very difficult one to find.} (
26. Rad1 Bxd4+ 27. Rxd4 Bh3 $44) (26. Rdd1 Bxa1 27. Rxa1 Qe5 28. Re1 Bh3 $19) (
26. e3 Bh3 $132) 26... Bf5 (26... Bh3 27. Rad1 Bxd4 28. Qxd4 {[%cal Gc5e4,
Ge4f6]}) (26... Qxc5 $2 27. Rd8+ {[%csl Gc5]}) 27. Rad1 Bxd4 28. Rxd4 ({
The capture with the queen is slightly less clear than in the previous line
since the e4-square is controlled.} 28. Qxd4 Qe7 $5) 28... Bh3 (28... Qxc5 29.
Rd8+) 29. Kf2 Qc6 30. Re4 {Not the only move, of course, since ...Qg2+ is not
such a big threat. But it is useful to provoke opposition of the rooks.} Rf8+
31. Rf4 Qg2+ 32. Ke1 $18 {[%cal Ge1d2,Gc5d3]}) 25. dxe5 Rxd1+ $6 {The prelude
to a suicidal idea.} (25... Bh3 $142 26. Nd3 $16 {[%csl Rg2,Rh3][%cal Gd3f4,
Gd3f2]}) 26. Rxd1 Qxe5 $2 {Losing immediately.} (26... Bh3 27. Nd3 $16) 27.
Rd8+ Kf7 ({Carlsen might have overlooked that} 27... Kg7 28. Ne6+ $1 {[%cal
Ga3f8] yields a mating attack.}) 28. Qf3+ Bf5 29. Rxb8 Qxb8 30. g4 {[%csl Gf5]}
Qb4 31. Nd3 1-0